| 000 | 00692nam a2200265 i 4500 | ||
|---|---|---|---|
| 999 |
_c3257 _d3257 |
||
| 001 | 979 | ||
| 003 | GBCCL | ||
| 005 | 20241126110451.0 | ||
| 008 | 790131s1978 tnua 00010 eng | ||
| 010 | _a 78055694 | ||
| 020 | _a0805463143 | ||
| 035 | _aOCM04596127 820322 | ||
| 040 |
_aDLC _cDLC _dLBB |
||
| 049 | _aLBBK | ||
| 050 | 0 |
_aBV3793 _b.R38 |
|
| 082 |
_a254.1 _bRED |
||
| 092 |
_a254.5 _bR315 |
||
| 100 | 1 | 0 |
_aRedford, Jack. _96700 |
| 245 | 1 | 0 |
_aPlanting new churches / _cJack Redford. |
| 260 | 0 |
_aNashville : _bBroadman Press, _cc1978. |
|
| 300 |
_a152 p. [14] p. : _bill. ; _c21 cm. |
||
| 650 | 0 |
_aChurch growth. _9291 |
|
| 650 | 0 |
_aEvangelistic work. _9290 |
|
| 942 |
_2ddc _cBK _018 |
||